书目信息 |
| 题名: |
战场之外
|
|
| 作者: | 魏舒歌 著 ;李松蕾 , 龙伟 译 | |
| 分册: | ||
| 出版信息: | 北京 社会科学文献出版社 2020 |
|
| 页数: | 438页 | |
| 开本: | 22cm | |
| 丛书名: | ||
| 单 册: | ||
| 中图分类: | D829.10 | |
| 科图分类: | ||
| 主题词: | 国民政府--guo min zheng fu--中国对外政策--宣传工作--研究--1928-1941 | |
| 电子资源: | ||
| ISBN: | 978-7-5201-6325-5 | |
| 000 | 01364nam0 2200289 450 | |
| 001 | 2160529090 | |
| 005 | 20210926145326.0 | |
| 010 | @a978-7-5201-6325-5@b精装@dCNY79.00 | |
| 100 | @a20200611d2020 em y0chiy0120 ea | |
| 101 | 0 | @achi@ceng |
| 102 | @aCN@b110000 | |
| 105 | @aak z 000yy | |
| 106 | @ar | |
| 200 | 1 | @a战场之外@Azhan chang zhi wai@e租界英文报刊与中国的国际宣传@e1928-1941@dNews under fire@eChina's propaganda against Japan in the English-language press@e1928-1941@f魏舒歌著@g魏舒歌,李松蕾,龙伟译@zeng |
| 210 | @a北京@c社会科学文献出版社@d2020 | |
| 215 | @a438页@c图,照片@d22cm | |
| 305 | @a由香港大学出版社授权出版 | |
| 330 | @a本书是第一本研究从济南惨案开始至珍珠港事件爆发(1928~1941),中国与日本争夺国际话语权的专著。作者通过租界英文报刊着重考察了国民政府如何在国际宣传资源极其匮乏、政府派系纷争不断的情况下,逐步建立起统一的国际宣传系统。 | |
| 510 | 1 | @aNews under fire@eChina's propaganda against Japan in the English-language press@zeng |
| 517 | 1 | @a租界英文报刊与中国的国际宣传@Azu jie ying wen bao kan yu zhong guo de guo ji xuan chuan |
| 606 | 0 | @a国民政府@Aguo min zheng fu@x中国对外政策@x宣传工作@x研究@z1928-1941 |
| 690 | @aD829.10@v5 | |
| 701 | 0 | @a魏舒歌@Awei shu ge@4著@4译 |
| 702 | 0 | @a李松蕾@Ali song lei@4译 |
| 702 | 0 | @a龙伟@Along wei@4译 |
| 801 | 0 | @aCN@b百万庄@c20210926 |
| 905 | @b1301075-78@dD829.10@e210@f4 | |
| 战场之外:租界英文报刊与中国的国际宣传:1928-1941=News under fire:China's propaganda against Japan in the English-language press:1928-1941/魏舒歌著/魏舒歌,李松蕾,龙伟译.-北京:社会科学文献出版社,2020 |
| 438页:图,照片;22cm |
| ISBN 978-7-5201-6325-5(精装):CNY79.00 |
| 本书是第一本研究从济南惨案开始至珍珠港事件爆发(1928~1941),中国与日本争夺国际话语权的专著。作者通过租界英文报刊着重考察了国民政府如何在国际宣传资源极其匮乏、政府派系纷争不断的情况下,逐步建立起统一的国际宣传系统。 |
| ● |
| 相关链接 |
|
|
|
|
正题名:战场之外
索取号:D829.10/210
 
预约/预借
| 序号 | 登录号 | 条形码 | 馆藏地/架位号 | 状态 | 备注 |
| 1 | 1301075 | 213010757 | 第一样本阅览室/ [索取号:D829.10/210] | 在馆 | |
| 2 | 1301076 | 213010766 | 第一借阅区/ [索取号:D829.10/210] | 在馆 | |
| 3 | 1301077 | 213010775 | 第一借阅区/ [索取号:D829.10/210] | 在馆 | |
| 4 | 1301078 | 213010784 | 第一借阅区/ [索取号:D829.10/210] | 在馆 |